|
|
|
|
| LEADER |
02770nam a2200577 a 4500 |
| 001 |
nkc20051634651 |
| 003 |
CZ PrNK |
| 005 |
20060614101044.0 |
| 007 |
ta |
| 008 |
051212s2005 xr ac e p 001 0 cze |
| 015 |
|
|
|a cnb001634651
|
| 020 |
|
|
|a 80-7204-310-2
|q (Akademické nakladatelství CERM ;
|q brož.)
|
| 020 |
|
|
|a 80-210-3280-4
|q (Masarykova univerzita v Brně ;
|q brož.)
|
| 020 |
|
|
|a 80-86258-57-2
|q (NAUMA ;
|q brož.)
|
| 035 |
|
|
|a (OCoLC)85543487
|
| 040 |
|
|
|a BOA001
|b cze
|d ABA001
|
| 043 |
|
|
|a e-xr---
|
| 045 |
|
|
|a v-x-
|
| 072 |
|
7 |
|a 391
|x Oděv, móda, ozdoby
|2 Konspekt
|9 1
|
| 072 |
|
7 |
|a 37.016
|x Učební osnovy. Vyučovací předměty. Učebnice
|2 Konspekt
|9 22
|
| 080 |
|
|
|a 391
|2 MRF
|
| 080 |
|
|
|a (437.3)
|2 MRF
|
| 080 |
|
|
|a (075.8)
|2 MRF
|
| 100 |
1 |
|
|a Štěpánová, Irena,
|d 1948-
|7 jo2002159895
|4 aut
|
| 245 |
1 |
0 |
|a Panoráma biologické a sociokulturní antropologie :
|b modulové učební texty pro studenty antropologie a "příbuzných" oborů.
|n 23,
|p Člověk a lidová kultura: Člověk a lidový oděv - lidový oděv v životě člověka /
|c Jaroslav Malina - editor ; Irena Štěpánová
|
| 246 |
3 |
0 |
|a Člověk a lidová kultura
|
| 246 |
3 |
0 |
|a Člověk a lidový oděv - lidový oděv v životě člověka
|
| 260 |
|
|
|a V Brně :
|b Nadace Universitas Masarykiana :
|b Akademické nakladatelství CERM :
|b Masarykova univerzita :
|b NAUMA,
|c 2005
|
| 300 |
|
|
|a 99 s. :
|b il., portréty ;
|c 28 cm
|
| 490 |
1 |
|
|a Scientia
|
| 500 |
|
|
|a Terminologický slovník
|
| 504 |
|
|
|a Obsahuje bibliografii a rejstřík
|
| 648 |
|
7 |
|a 18.-20. století
|7 ch757019
|2 czenas
|
| 650 |
0 |
7 |
|a lidové oděvy
|7 ph115139
|z Česko
|y 18.-20. století
|2 czenas
|
| 650 |
0 |
7 |
|a lidové oděvy
|7 ph115139
|x dějiny
|2 czenas
|
| 650 |
0 |
9 |
|a ethnic costume
|z Czechia
|y 18th-20th centuries
|2 eczenas
|
| 650 |
0 |
9 |
|a ethnic costume
|x history
|2 eczenas
|
| 655 |
|
7 |
|a učebnice vysokých škol
|7 fd133772
|2 czenas
|
| 655 |
|
9 |
|a textbooks (higher)
|2 eczenas
|
| 700 |
1 |
|
|a Malina, Jaroslav,
|d 1945-
|7 jn19990218065
|4 edt
|
| 830 |
|
0 |
|a Scientia (Nadace Universitatis Masarykiana)
|0 s
|
| 856 |
4 |
1 |
|u http://www.digitalniknihovna.cz/mzk/uuid/uuid:da3f7920-5be8-11e3-ae59-005056827e52
|y Digitalizovaný dokument
|x NDK
|
| 910 |
2 |
|
|a BOA001
|b 3-1078.261,23
|
| 928 |
9 |
|
|a CERM
|
| 990 |
|
|
|a BK
|
| 995 |
|
|
|a 01
|
| 991 |
|
|
|b 200603
|c NOV
|
| 996 |
6 |
|
|b 2610273705
|c 3-1078.261,23
|l MZK
|r Sklad / do 1 hodiny
|n 1
|p p.v.
|w 000809308
|u 000010
|a 1
|e BOA001
|j MZK50
|s P
|
| 996 |
7 |
|
|b 2610273706
|c 3-1078.261,23
|l MZK
|r Sklad / do 1 hodiny
|n 14
|p p.v.
|w 000809308
|u 000020
|a 1
|e BOA001
|j MZK50
|s A
|
| 996 |
7 |
|
|b 2610277137
|c 3-1078.261,23
|l MZK
|r Sklad / do 1 hodiny
|n 5
|p kup
|w 000809308
|u 000030
|a 1
|e BOA001
|j MZK50
|s A
|
| 996 |
7 |
|
|b 2610277138
|c 3-1078.261,23
|l MZK
|r Sklad / do 1 hodiny
|n 4
|p kup
|w 000809308
|u 000040
|a 1
|e BOA001
|j MZK50
|s A
|